Almanaque de Cafetaleros : Buenas Prácticas para el Nuevo Milenio.
| Main Author: | |
|---|---|
| Format: | Section = Libro |
| Language: | Undetermined Spanish |
| Published: |
España
Español-Inglés
2010
|
| Subjects: |
| LEADER | 00536nam a2200193Ia 4500 | ||
|---|---|---|---|
| 008 | 240830s9999 xx 000 0 und d | ||
| 040 | |a B-ESTELÍ- RUACS / 631 N583 | ||
| 041 | |a spa | ||
| 082 | |a 631 N583 | ||
| 100 | 1 | |a Nicaragua. TBWA | |
| 245 | 1 | 0 | |a Almanaque de Cafetaleros : Buenas Prácticas para el Nuevo Milenio. |
| 260 | |a España |b Español-Inglés |c 2010 | ||
| 300 | |a 182 p:il | ||
| 650 | 7 | |a AGRICULTURA | |
| 650 | 7 | |b TECNICAS-EQUIPO-MAQUINARIA | |
| 650 | 7 | |c SERIE MAQUINARIA | |
| 942 | |c BK |2 ddc | ||
| 991 | |a TEXTO | ||
| 999 | |c 11315 | ||